|
|
|
|
| LEADER |
00000nam a22000007a 4500 |
| 005 |
2022041103363.0 |
| 007 |
cr|||| |||| |
| 008 |
220411s2020 br |||||s|||| 00||0 por d |
| 020 |
|
|
|a 978-65-5883-018-4
|
| 035 |
|
|
|a 36078
|
| 040 |
|
|
|a vLex
|
| 090 |
|
|
|c 13158
|d 13158
|
| 100 |
1 |
|
|a Teixeira Filho, Manoel Antonio
|
| 245 |
1 |
0 |
|a Execuȯ̂ no processo do trabalho
|h [Recurso electrn̤ico] :
|b atualizada, ampliada e revisada /
|c Manoel Antonio Teixeira Filho
|
| 256 |
|
|
|a Servicio en ln̕ea
|
| 260 |
|
|
|a San Pablo:
|b LTR,
|c 2020
|
| 300 |
|
|
|a 1 recurso electrn̤ico
|
| 500 |
|
|
|a Nenhum livro, como este, examina com tanta profundidade e clareza o tormentoso tema da execuȯ̂ no processo do trabalho. O livro foi totalmente atualizado de acordo com o Cd̤igo de Processo Civil de 2015 e com a Lei n. 13.467/2017 (Reforma Trabalhista). Aqui, o Prof. Manoel Antonio Teixeira Filho empreende uma ampla investigaȯ̂ metodolg̤ica acerca de todos os aspectos dessa execuȯ̂, procurando nô apenas desvendar-lhe os inm︢eros caminhos tortuosos, como, acima de tudo, fornecer segura orientaȯ̂ para a soluȯ̂ dos problemas que costumam ocorrer nos casos concretos. Sob este aspecto, pode-se dizer que o livro ̌absolutamente indispensv̀el para juz̕es, advogados, membros do Ministřio Pb︢lico, acadm̊icos e professores de Direito.
|
| 506 |
1 |
|
|a Disponible solo en los productos indicados
|d vLex Global
|d vLex Global (Academic Edition, excluding Law Schools)
|d vLex Global (U.S. Academic Edition, Law Schools)
|d vLex Global (U.S. Academic Edition, excluding Law Schools)
|d vLex Global (Academic Edition, Law Schools)
|
| 650 |
0 |
4 |
|a Derecho Laboral y Seguridad Social
|z Brasil
|
| 650 |
0 |
4 |
|a Procedimiento Laboral
|z Brasil
|
| 740 |
0 |
|
|a vLex Libros (Servicio en ln̕ea)
|
| 856 |
4 |
0 |
|u https://app.vlex.com/#/sources/36078
|z Acceso restringido
|
| 942 |
|
|
|c BOOK
|
| 999 |
0 |
|
|a Labor Law and Social Security
|
| 999 |
0 |
|
|a Labor Procedure
|